The practical application of delivery methods to project portfolios (Record no. 60178)

MARC details
000 -LEADER
fixed length control field 00950cam a2200241 4500
001 - CONTROL NUMBER
control field ABS61452
008 - FIXED-LENGTH DATA ELEMENTS--GENERAL INFORMATION
fixed length control field 000000n1999 000 0 eng u
035 ## - SYSTEM CONTROL NUMBER
System control number (Sirsi) u100591
100 ## - MAIN ENTRY--PERSONAL NAME
Personal name Miller, J.B.
245 #4 - TITLE STATEMENT
Title The practical application of delivery methods to project portfolios
260 ## - PUBLICATION, DISTRIBUTION, ETC.
Date of publication, distribution, etc. 1999
490 ## - SERIES STATEMENT
Series statement Construction Management and Economics
Volume/sequential designation 17(5) September 1999, 669-677(9)
520 ## - SUMMARY, ETC.
Summary, etc. The problem is emerging of how to match each project in the portfolio to a preferred delivery method. This article investigates a tool called CHOICES, which allows comparisons of alternative delivery scenarios for a portfolio of capital projects and services. References.
590 ## - LOCAL NOTE (RLIN)
Local note ABS
650 ## - SUBJECT ADDED ENTRY--TOPICAL TERM
Topical term or geographic name entry element PORTFOLIO MANAGEMENT
650 ## - SUBJECT ADDED ENTRY--TOPICAL TERM
Topical term or geographic name entry element PROJECT DELIVERY METHODS
650 ## - SUBJECT ADDED ENTRY--TOPICAL TERM
Topical term or geographic name entry element PROCUREMENT METHODS
650 ## - SUBJECT ADDED ENTRY--TOPICAL TERM
Topical term or geographic name entry element CHOICES
650 ## - SUBJECT ADDED ENTRY--TOPICAL TERM
Topical term or geographic name entry element SOFTWARE PACKAGES
690 ## - LOCAL SUBJECT ADDED ENTRY--TOPICAL TERM (OCLC, RLIN)
Topical term or geographic name as entry element Project management
9 (RLIN) 6261
700 ## - ADDED ENTRY--PERSONAL NAME
Personal name Evje, R.H.
942 ## - ADDED ENTRY ELEMENTS (KOHA)
Suppress in OPAC 0
Holdings
Withdrawn status Lost status Source of classification or shelving scheme Damaged status Not for loan Home library Current library Shelving location Date acquired Total Checkouts Full call number Barcode Date last seen Copy number Price effective from Koha item type
    Dewey Decimal Classification     London London Journal article 20/10/1999   ABS61452 100591-1001 06/08/2019 1 06/08/2019 Journal article